000 004030000a22001570004500
003 LK-CoMWRAF
008 230817t ||||| |||| 00| 0 eng d
040 _aLK-CoMWRAF
_dLK-CoMWRAF
_eLK-CoMWRAF
041 _aeng
082 _a355
_bFAM
245 _aFamily Law for Non- Muslims
_b
260 _aKuala Lumpur
_bAssociatin of Women Lawyers
_c1988
300 _ap.18
650 _awomen & LAW
942 _cBK
999 _c2414
_d2414